Normal view MARC view
  • FEEDBACK SYSTEMS NETWORKS-ACTIVE PAST PRESENT AND FUTURE

Entry Topical Term

Number of records used in: 1

001 - CONTROL NUMBER

  • control field: 80319

003 - CONTROL NUMBER IDENTIFIER

  • control field: NUST

005 - DATE AND TIME OF LATEST TRANSACTION

  • control field: 20210628210637.0

008 - FIXED-LENGTH DATA ELEMENTS

  • fixed length control field: 210628|| aca||aabn | a|a d

040 ## - CATALOGING SOURCE

  • Original cataloging agency: NUST
  • Transcribing agency: NUST

150 ## - HEADING--TOPICAL TERM

  • Topical term or geographic name entry element: FEEDBACK SYSTEMS NETWORKS-ACTIVE PAST PRESENT AND FUTURE

670 ## - SOURCE DATA FOUND

  • Source citation: Work cat.: (NUST): POLYTECHNIQUE PRESS 80318, ACTIVE NETWORKS AND FEEDBACK SYSTEMS PROCEEDINGS OF THE SYMPOSIUM ON NEWYORK APRIL 19, 20 , 21 1960, 1961
© 2023 Central Library, National University of Sciences and Technology. All Rights Reserved.